The Top 500 Greatest NBA Players of all Time - Statistics

General Stats
  • This quiz has been taken 2,118 times
    2,070 since last reset
  • The average score is 161 of 500
Answer Stats
Hint Answer % Correct
2. SG, CHI/WAS Michael Jordan
98%
5. SF, CLE/MIA/LAL LeBron James
97%
4. C, MIL/LAL Kareem Abdul-Jabbar
95%
319. C, LAC DeAndre Jordan
94%
9. C, LAL/ORL/MIA Shaquille O'Neal
94%
1. C, PHW/PHI/LAL Wilt Chamberlain
94%
8. SG, LAL Kobe Bryant
93%
6. SF, BOS Larry Bird
93%
7. PG, LAL Magic Johnson
93%
3. C, BOS Bill Russell
92%
24. PG, GSW Stephen Curry
91%
294. SG, CHA Dell Curry
90%
13. SG/PG, LAL Jerry West
90%
10. PF, SAS Tim Duncan
89%
223, PF, NOH David West
88%
21. SF, OKC/GSW Kevin Durant
88%
11. C, HOU Hakeem Olajuwon
87%
15. PF, DAL Dirk Nowitzki
86%
456. SF, GSW Cazzie Russell
84%
17. PF, UTA Karl Malone
84%
121. PG, CLE/BOS Kyrie Irving
84%
16. C, PHI/HOU Moses Malone
84%
14. SF, NYN/PHI Julius Erving
83%
12. PG, CIN/MIL Oscar Robertson
83%
336. PG, SAS Avery Johnson
82%
113. PG, SEA/BOS/PHX Dennis Johnson
82%
351. SG, WSB/UTA Jeff Malone
82%
145. SG/SF, ATL Joe Johnson
82%
22. PF, MIN/BOS Kevin Garnett
82%
102. PG, PHX Kevin Johnson
82%
156. PF, CHA Larry Johnson
82%
137. SF, MIL Marques Johnson
82%
440. PG, DET Vinnie Johnson
82%
19. PF, PHX/PHI Charles Barkley
81%
27. SG, MIA Dwyane Wade
81%
411. SF/SG, KCK/SAC/PHX Eddie Johnson
81%
55. PG, OKC Russell Westbrook
81%
194. SG, SAS Alvin Robertson
80%
35. PG, NOH/LAC Chris Paul
80%
20. C, SAS David Robinson
80%
361. PG, BOS Isaiah Thomas
80%
25. PG, DET Isiah Thomas
80%
56. SG, HOU James Harden
80%
23. PG, UTA John Stockton
80%
237. SF, MIL Glenn Robinson
79%
39. SF, CHI Scottie Pippen
79%
34. PG, PHX/DAL Steve Nash
79%
30. SG/PG, PHI/DEN Allen Iverson
77%
42. SF, DEN/NYK Carmelo Anthony
77%
29. C, NYK Patrick Ewing
77%
33. C, ORL Dwight Howard
76%
32. PG, NJN/DAL/PHX Jason Kidd
76%
154. SG, GSW Klay Thompson
75%
63. SG, SEA/MIL/BOS Ray Allen
75%
58. PF/C, NOP Anthony Davis
74%
67. SG, DEN David Thompson
74%
69. PF, DET/CHI/SAS Dennis Rodman
74%
471. PF/SF, WSB Juwan Howard
74%
337. PF, POR Mychal Thompson
74%
277. SG, MEM Tony Allen
74%
235. C, TOR/IND Antonio Davis
73%
180. PG, CHA/GSW/NOH Baron Davis
73%
59. SF, TOR/SAS Kawhi Leonard
73%
48. SF, BOS Paul Pierce
73%
60. SG, IND Reggie Miller
73%
166. SG, PHX Walter Davis
73%
412. PG, CLE Andre Miller
72%
228. SG, CLE Austin Carr
71%
18. SF, LAL Elgin Baylor
71%
40. PG, BOS Bob Cousy
70%
155. PF, GSW Draymond Green
70%
53. PG, SEA Gary Payton
70%
131. C, MEM Marc Gasol
70%
62. PF/C, MEM/LAL Pau Gasol
70%
94. PG, SAS Tony Parker
70%
382. PF, LAL AC Green
69%
112. PF/SF, MIL Giannis Antetokounmpo
69%
135. PF/C, IND Jermaine O'Neal
69%
44. SF, ATL Dominique Wilkins
68%
107. PG, SEA/STL Lenny Wilkens
68%
99. SG, SAS Manu Ginobili
68%
52. SG, ORL/HOU Tracy McGrady
68%
70. SG, TOR/NJN Vince Carter
68%
47. SG, POR/HOU Clyde Drexler
67%
26. PF, STL Bob Pettit
66%
141. PG, WAS John Wall
66%
77. PF/C, TOR/MIA Chris Bosh
65%
28. SG/SF, BOS John Havlicek
65%
38. PF, BOS Kevin McHale
65%
139. SF, OKC/IND Paul George
64%
335. C/PF/SF, POR Clifford Robinson
63%
78. SF, LAL James Worthy
63%
88. PF, MIN Kevin Love
63%
50. C, POR Bill Walton
62%
158. PF, CHI Bob Love
62%
216. C, DEN Nikola Jokic
62%
71. C, HOU Yao Ming
62%
110. PG, CHI Derrick Rose
61%
162. PF, NJN/POR Buck Williams
60%
142. PG, POR Damian Lillard
60%
151. PG, UTA/BKN Deron Williams
60%
45. SG/SF, SAS George Gervin
60%
357. PG, MEM/SAC/MIA Jason Williams
60%
298. PF, ATL Josh Smith
60%
372. SG/SF, NYK/DEN JR Smith
60%
328. PG, SAC/HOU Kenny Smith
60%
446. SG, LAC/TOR/PHI Lou Williams
60%
367. PG, CLE Mo Williams
60%
108. PG, ORL Penny Hardaway
60%
220. SG, BUF Randy Smith
60%
89. PF, SEA Shawn Kemp
60%
281. SG, ATL Steve Smith
60%
106. PG, GSW/MIA Tim Hardaway
60%
43. SF, DEN Alex English
59%
101. C, DET Ben Wallace
59%
31. C, MNL George Mikan
59%
109. PF, LAC Blake Griffin
58%
239. SF, CHA Gerald Wallace
58%
209. C, PHI Joel Embiid
58%
179. PF, POR/DET Rasheed Wallace
58%
36. SF, SFW Rick Barry
58%
80. C, BOS Robert Parish
58%
49. C, WSB Wes Unseld
58%
46. C, BUF Bob McAdoo
57%
37. PF/C, WSB/HOU Elvin Hayes
57%
54. PG, NYK Walt Frazier
57%
41. C, NYK Willis Reed
57%
100. PF, DEN/PHI Bobby Jones
56%
74. C, ATL/DEN Dikembe Mutombo
56%
238. SG, CHA/LAL/MIA Eddie Jones
56%
430. PG, BOS KC Jones
56%
81. SG, BOS Sam Jones
56%
164. SG, TOR DeMar DeRozan
55%
360. SG, IND Jalen Rose
55%
343. PG, SAC/ATL Spud Webb
55%
83. C, MIA/CHA Alonzo Mourning`
54%
129. PG, BOS Rajon Rondo
54%
96. PG, DET/DEN Chauncey Billups
52%
120. PF/C, PHX/NYK Amar'e Stoudemire
51%
76. PF, SAC Chris Webber
51%
240. PG, TOR/POR Damon Stoudamire
51%
224. SG/SF, CHI Jimmy Butler
50%
92. SG, DET Joe Dumars
50%
213. PG, TOR Kyle Lowry
50%
157. PG, IND/NYK Mark Jackson
50%
283. SG/SF, GSW/IND/CHA Stephen Jackson
50%
231. SG, WAS Bradley Beal
49%
84. SF, GSW Chris Mullin
49%
66. SG, NOJ/ATL Pete Maravich
49%
260. PF, BOS Antoine Walker
48%
489. SG/PG, DET Jimmy Walker
48%
278. C, MIN Karl-Anthony Towns
48%
187. PG, CHA Kemba Walker
48%
362. SG, PHX Devin Booker
47%
221. SG/PG, SEA Fred Brown
47%
86. SF, DET Grant Hill
47%
210. SG/PG, SEA Gus Williams
47%
124. PG, BOS Jo Jo White
47%
205. C, DET Bill Laimbeer
46%
68. C, CHI/SAS Artis Gilmore
45%
140. SF, CHI/PHI Chet Walker
44%
51. C, BOS Dave Cowens
44%
138. PF, POR/SAS LaMarcus Aldridge
44%
93. PG, CLE Mark Price
44%
461. PG/SG, CHI Steve Kerr
44%
73. SF, NYK/NJN Bernard King
43%
264. C, BKN Brook Lopez
43%
195. C, SAC/NOP DeMarcus Cousins
43%
144. PF, CHI/ORL Horace Grant
43%
177. C, ATL Al Horford
42%
400. SF/SG, MIL Khris Middleton
42%
245. C, UTA Rudy Gobert
42%
57. SF, UTA Adrian Dantley
41%
252. SG/SF, PHI/GSW Andre Iguodala
41%
350. SG/PG, NOP/PHI Jrue Holiday
41%
233. PG, MEM Mike Conley
41%
225. C, CHI Joakim Noah
40%
383. SF, MIN Sam Mitchell
40%
211. C, POR Arvydas Sabonis
38%
230. SF/SG, WAS Caron Butler
38%
65. PF, SYR Dolph Schayes
38%
419. SG/SF, DAL Jim Jackson
38%
365. PG/SF, PHI Ben Simmons
37%
465. SF, SAS Mike Mitchell
37%
72. PG, KCK/BOS Nate Archibald
37%
122. SF, PHX Shawn Marion
37%
61. PF/C, SFW Nate Thurmond
36%
147. SF, SAC Peja Stojakovic
36%
263. SF, IND Ron Artest
36%
75. C, DET Bob Lanier
35%
87. SG/PG, BAL/NYK Earl Monroe
35%
444. SG/SF, LAC/NOP Eric Gordon
35%
82. SG, MIL Sidney Moncrief
35%
391. SG, POR CJ McCollum
34%
136. PG, WAS Gilbert Arenas
34%
64. PF, CIN Jerry Lucas
34%
184. C, SYR Red Kerr
34%
188. PF, MEM Zach Randolph
34%
251. C/PF, PHX Alvan Adams
33%
204. C, DET Andre Drummond
33%
355. PG/SG, LAL Derek Fisher
33%
332. SG, ATL/PHI Kyle Korver
33%
452. PF, OKC Serge Ibaka
33%
457. C, OKC Steven Adams
33%
130. SF, CHA/MIA Glen Rice
32%
97. SG/PG, PHI Hal Greer
32%
192. SG, MIL Michael Redd
32%
95. SF, PHW Paul Arizin
32%
314. PF, ATL/UTA Paul Millsap
32%
381. PF, HOU/LAL Robert Horry
32%
193. PG, POR Terry Porter
32%
313. C, NOH/NYK/DAL/CHI Tyson Chandler
32%
203. C, MIN/CHA Al Jefferson
31%
85. SF/PF, PHI Billy Cunningham
31%
214. PG, CHA Muggsy Bogues
31%
346. SF, NJN Richard Jefferson
31%
470. PF, NOP/NOH Ryan Anderson
31%
340. SF, CHI Toni Kukoc
31%
253. C, LAL/SAC/CHA Vlade Divac
31%
378. SF, UTA Gordon Hayward
30%
437. C, GSW/WSB/PHI Manute Bol
30%
196. C, UTA Mark Eaton
30%
98. PG, PHI Maurice Cheeks
30%
284. SG, ORL Nick Anderson
30%
334. PG, CLE/LAC Ron Harper
30%
218. SG/SF, SEA Dale Ellis
29%
79. PF, NYK/DET Dave DeBusschere
29%
249. PG, DAL Derek Harper
29%
290. SG/PG, DAL/ATL Jason Terry
29%
103. SG, SAC/GSW Mitch Richmond
29%
306. SG, GSW Monta Ellis
29%
373. C, DAL Sam Perkins
29%
232. PF, UTA/CHI Carlos Boozer
28%
111. SG, LAL Gail Goodrich
28%
256. SG, NYK John Starks
28%
247. C, CLE Zydrunas Ilgauskas
28%
242. SG, NYK Bill Bradley
27%
201. SG, LAL Byron Scott
27%
329. SF/SG, ORL Dennis Scott
27%
261. SG/SF, GSW/CHA Jason Richardson
27%
302. PF, NJN/DEN Kenyon Martin
27%
168. PG, DET/WSB Kevin Porter
27%
345. PF/SF, LAL Lamar Odom
27%
254. SF, SEA/ORL Rashard Lewis
27%
250. C, IND Rik Smits
27%
134. C, CLE Brad Daugherty
26%
198. SG, POR Brandon Roy
26%
152. PF, LAC/PHI/CHI Elton Brand
26%
266. SG, SAC/HOU Kevin Martin
26%
197. PG, SAC/VAN Mike Bibby
26%
432. C, ORL Nikola Vucevic
26%
397. PF, CHI/CIN Bob Boozer
25%
160. PF, NYK Charles Oakley
25%
104. PG, DET Dave Bing
25%
272. SF, SEA/IND Detlef Schrempf
25%
115. C, SEA/MIL Jack Sikma
25%
377. SG, NYK/ATL Jamal Crawford
25%
480. PF, NYK Kristaps Porzingis
25%
206. SF, GSW/NYK/MIN Latrell Sprewell
25%
174. PF/C, HOU Ralph Sampson
25%
246. PG, MIL/MIN/HOU Sam Cassell
25%
181. PG, NJN/PHX/MIN/NYK Stephon Marbury
25%
148. PF, PHX/SEA Tom Chambers
25%
183. PF, PHX/CLE Larry Nance
24%
274. SF, CHI Luol Deng
24%
186. SF, DAL/DET Mark Aguirre
24%
190. PF, POR Maurice Lucas
24%
292. SG, LAL Michael Cooper
24%
448. SF, DET Tayshaun Prince
24%
229. PF/SF, GSW/WAS Antawn Jamison
23%
189. PG, DEN Fat Lever
23%
167. SG, UTA/PHX Jeff Hornacek
23%
268. SF/PF, MEM/SAC Rudy Gay
23%
199. PG, HOU/ORL Steve Francis
23%
356. SG, IND Victor Oladipo
23%
258. SG, NYK Allan Houston
22%
491. C, MIL Andrew Bogut
22%
384. C, LAL Andrew Bynum
22%
348. PG, CHI BJ Armstrong
22%
307. PF, NYK/GSW David Lee
22%
342. C, IND Roy Hibbert
22%
217. PF/SF, UTA Andrei Kirilenko
21%
428. SG, SAS Bruce Bowen
21%
323. SF, BOS Cedric Maxwell
21%
133. SG, NJN Drazen Petrovic
21%
305. PG, ORL Jameer Nelson
21%
300. C, DEN/TOR/NYK Marcus Camby
21%
451. PF, MIA Udonis Haslem
21%
325. PG, HOU Vernon Maxwell
21%
326. C, NYK Bill Cartwright
20%
118. PF/C, DEN Dan Issel
20%
308. SF, IND Danny Granger
20%
297. PG, ATL Doc Rivers
20%
116. PF/SF, BOS Tom Heinsohn
20%
91. C, BAL/NYK Walt Bellamy
20%
408. PG, PHX/MIA Goran Dragic
19%
285. PF, ATL Kevin Willis
19%
248. SG/PG, DEN/LAL Nick Van Exel
19%
438. PG, MIN Ricky Rubio
19%
208. SG, DAL Rolando Blackman
19%
215. SG, SDC/CLE World B. Free
19%
128. SG, BOS Bill Sharman
18%
170. SF, DET Jerry Stackhouse
18%
146. PG, HOU Calvin Murphy
17%
241. SG/SF, DAL Michael Finley
17%
354. PG, PHI Hersey Hawkins
16%
161. SF, LAL Jamaal Wilkes
16%
132. SF/SG, ATL Lou Hudson
16%
234. PF/SF, VAN/ATL Shareef Abdur-Rahim
16%
90. PF, SEA Spencer Haywood
16%
358. PG, PHX Eric Bledsoe
15%
458. C, MIA Hassan Whiteside
15%
293. SF, ORL Hedo Turkoglu
15%
207. PF, MIL Terry Cummings
15%
492. SG, SAC Tyreke Evans
15%
244. PF, CHA/NYK Anthony Mason
14%
159. SF, MIL Bob Dandridge
14%
271. PF, NJN Derrick Coleman
14%
287. SF, DAL/NOH Jamal Mashburn
14%
191. SF, DEN/POR Kiki VanDeWeghe
14%
265. PF, HOU/SAC Otis Thorpe
14%
289. SF, MEM/HOU Shane Battier
14%
295. PF, LAC Danny Manning
13%
149. PF, PHW Joe Fulks
13%
165. SG/PG, PHX Paul Westphal
13%
320. PG, ORL Scott Skiles
13%
269. SF, SAS Sean Elliott
13%
267. PF, MIL Vin Baker
13%
255. SF, MIN Wally Szczerbiak
13%
388. PF, MIN/ATL Christian Laettner
12%
262. C, CHA/NOH Emeka Okafor
12%
123. C, PHW Neil Johnston
12%
424. C, DEN Nene
12%
275. PG, WAS/POR Rod Strickland
12%
178. SF, HOU Rudy Tomjanovich
12%
327. C, ATL Tree Rollins
12%
374. PF, DEN Antonio McDyess
11%
385. PF, STL Bill Bridges
11%
119. SF, STL Cliff Hagan
11%
286. PG, ATL Mookie Blaylock
11%
324. PF, BOS/PHX Paul Silas
11%
396. SG/SF, IND Billy Knight
10%
303. SF, LAC Corey Maggette
10%
125. SF, FTW George Yardley
10%
114. SF, CIN Jack Twyman
10%
442. C, GSW Joe Barry Carroll
10%
318. PG, DEN Ty Lawson
10%
476. SF, LAL Cedric Ceballos
9%
404. C, LAC Chris Kaman
9%
282. SF, POR Jerome Kersey
9%
299. PG, TOR Jose Calderon
9%
127. SG, NYK Richie Guerin
9%
126. PF, MNL Vern Mikkelsen
9%
321. SF/PF, SEA Xavier McDaniel
9%
143. PF, DET/BOS Bailey Howell
8%
236. SG, UTA Darrell Griffith
8%
415. SG, PHX Dick Van Arsdale
8%
153. C, BOS Ed Macauley
8%
172. SG, CHI Jerry Sloan
8%
423. PF, HOU Luis Scola
8%
322. C, MIA Rony Seikaly
8%
402. PG, GSW Sleepy Floyd
8%
363. SF/SG, MIN Tony Campbell
8%
498. SF, HOU/DAL Chandler Parsons
7%
338. SF, IND Chuck Person
7%
406. SG, NYK Dick Barnett
7%
460. SG, SFW/GSW Jeff Mullins
7%
359. SG/SF, NJN/CHA Kendall Gill
7%
202. PF, FTW Larry Foust
7%
368. C, UTA Mehmet Okur
7%
403. PG, SEA Nate McMillan
7%
226. SG, CHI/SAC Reggie Theus
7%
463. SG, CIN Tom Van Arsdale
7%
420. SG, MIN Isaiah Rider
6%
407. SF/PF, ATL John Drew
6%
436. SF, DET Kelly Tripucka
6%
484. SG, HOU Mario Elie
6%
409. C, PHI/ATL Theo Ratliff
6%
227. PG/SG, POR Geoff Petrie
5%
182. PG, PHW Guy Rodgers
5%
386. SG, KCK/NJN Otis Birdsong
5%
371. SG/SF, GSW Purvis Short
5%
339. PG, DEN Mahmoud Abdul-Rauf
4%
176. PG, CHI Norm Van Lier
4%
389. PF, POR Sidney Wicks
4%
317. PG, SAS Johnny Moore
3%
462. C/PF, ROC/CIN Maurice Stokes
3%
257. SG, CHS/NYK Max Zaslofsky
3%
429. PF, MIN Nikola Pekovic
3%
455. SF/SG, CHZ/BAl/DET Terry Dischinger
3%
105. SF/PF, PHX Connie Hawkins
2%
273. SF/SG, PHX Dan Majerle
2%
464. PG, IND Don Buse
2%
117. PF, IND/PHI George McGinnis
2%
479. SF, BAL/HOU Jack Marin
2%
497. PG, UTA Rickey Green
2%
171. SG/SF, DET/WAS Rip Hamilton
2%
414. C, DAL Roy Tarpley
2%
353. PG, PHI Andrew Toney
1%
490. SG, MIL Brian Winters
1%
413. C, STL/MNL Clyde Lovellette
1%
304. SG, HOU Cuttino Mobley
1%
495. PG/SG, PHI Dana Barros
1%
330. SG, BOS/SAC Danny Ainge
1%
405. PF, ATL Dan Roundfield
1%
500. PG, ORL Darrell Armstrong
1%
333. C, PHI/NJN Darryl Dawkins
1%
376. PG/SG, CHA David Wesley
1%
366. PG, NJN Devin Harris
1%
425. SG, TOR/SAC Doug Christie
1%
450. SG, PHI Doug Collins
1%
150. PF/SF, BAL Gus Johnson
1%
401. SF/PF, LAL Happy Hairston
1%
169. PF, NYK Harry Gallatin
1%
347. PG/SG, POR Jim Paxson
1%
488. SF/SG, MIL Junior Bridgeman
1%
380. SG, NJN Kerry Kittles
1%
422. PF, POR Kevin Duckworth
1%
392. PF, SAS/NYN Larry Kenon
1%
185. C, IND Mel Daniels
1%
341. SG, TOR Morris Peterson
1%
352. PG, LAL Norm Nixon
1%
344. SG, MEM OJ Mayo
1%
200. SG, WSB Phil Chenier
1%
280. C, KCK Sam Lacey
1%
434. SF, KCK Scott Wedman
1%
296. PG, CLE/MIN Terrell Brandon
1%
309. PF, MIN Tom Gugliotta
1%
175. C, STL Zelmo Beaty
1%
439. PG, SFW Al Attles
0%
466. PG, TOR Alvin Williams
0%
486. C, GSW Andris Biedrins
0%
435. PG, PHW/FTW Andy Phillip
0%
421. PG/SG, PHI/LAL/BAL Archie Clark
0%
276. C, ROC Arnie Risen
0%
394. SG/SF, CLE Bingo Smith
0%
243. PG/SG, ROC Bobby Wanzer
0%
453. PG, ROC Bob Davies
0%
459. C/PF, BUF Bob Kauffman
0%
447. PG, DAL Brad Davis
0%
478. PF/C, SAC Brad Miller
0%
431. PF/C/SF, MIA/POR Brian Grant
0%
291. PF/C, DEN Byron Beck
0%
416. C, SDA Caldwell Jones
0%
349. SF, DEN/POR Calvin Natt
0%
364. SF, CLE Campy Russell
0%
259. PG/SG, NYK Carl Braun
0%
219. PG/SG, PHX/VIR Charlie Scott
0%
410. C, GSW Clifford Ray
0%
467. PF/C, SFW Clyde Lee
0%
390. C, IND Dale Davis
0%
315. PG, NYK Dick McGuire
0%
477. SF, SDR Don Kojis
0%
311. SF/PF, BOS Don Nelson
0%
433. PG/SG, BAL/DET Don Ohl
0%
399. SG, MIN Doug West
0%
481. SG/PG, MIL Flynn Robinson
0%
288. SG/SF, BOS Frank Ramsey
0%
212. PG/SG, DET Gene Shue
0%
482. PF, IND Herb Williams
0%
379. PF, CLE Hot Rod Williams
0%
418. C, NOH Jamaal Magloire
0%
494. PF/C, NJN Jayson Williams
0%
483. C, WSB Jeff Ruland
0%
469. SF, BOS Jim Loscutoff
0%
163. SF, MNL Jim Pollard
0%
468. SG/SF, CAR/ATL Joe Caldwell
0%
473. SF, CLE John Johnson
0%
417. PF, NYK Johnny Green
0%
445. SG, MIL Jon McGlocklin
0%
474. SF, DAL Josh Howard
0%
375. PF, NJN Keith Van Horn
0%
393. PG, NJN Kenny Anderson
0%
487. SF/PF, NYK Kenny Sears
0%
369. PG, SYR Larry Costello
0%
499. PF, SEA Lonnie Shelton
0%
454. PF/C, MLH/FTW Mel Hutchins
0%
312. PG/SG, NYK/NJN Micheal Ray Richardson
0%
316. SF, MIL Paul Pressey
0%
485. SG, GSW Phil Smith
0%
331. PF, NOH PJ Brown
0%
441. PG, MIL Quinn Buckner
0%
398. SF/SG, DEN Ralph Simpson
0%
475. SG/SF, BOS Reggie Lewis
0%
493. SF/SG, HOU Robert Reid
0%
222. SF, IND Roger Brown
0%
270. PF, LAL Rudy LaRusso
0%
449. SF, GSW Sarunas Marciulionis
0%
279. PG, MNL/STL Slater Martin
0%
370. PF, PHI Steve Mix
0%
395. C, SDC Swen Nater
0%
387. C, CHI Tom Boerwinkle
0%
427. SF/SG, PHW Tom Gola
0%
301. PF, BOS Tom Sanders
0%
310. PF, NOJ/PHX Truck Robinson
0%
496. C/PF, CLE Tyrone Hill
0%
443. PG, IND Vern Fleming
0%
472. C, DET Walter Dukes
0%
426. C, CIN Wayne Embry
0%
173. SF, NYK Willie Naulls
0%
No matching quizzes found
Score Distribution
Percent of People with Each Score
Percentile by Number Answered
Your Score History
You have not taken this quiz since the last reset